LEADER 01134nam a2200229 4500 001 000000339105 003 CaOOAMICUS 005 20240731134908.0 008 200130s1767 it a 000 u lat r 026 $as,e- isn- e.is mupo (3) 1767 (R) 040 $aSeMil$bita 245 00$aTomus 5. Pars 1. 264 1$aBononiae :$bEx typographia Laelii a Vulpe, apud Metropolitanam,$c1767. 300 $a[8], 222, [2], 173 [i.e. 373], [3] p., 24 carte di tav. ripieg. :$bill. calcogr. ;$c4° 500 $aP. 373 erroneamente num. 173 500 $aSegn.: *4 a-2e4 A-3A4(3A4 bianca) 773 0 $aAccademia delle scienze dell'Istituto di Bologna$tDe Bononiensi Scientiarum et Artium Instituto atque Academia commentarii.$dBononiae : Ex typographia Laelii a Vulpe, apud Metropolitanam, 1731-1791.$g5$w()339098 850 $aSeMil 852 $aSeMil$W1$xVenegono$y1$m3XC VI 7 FA$j218242$B230226$CSeMilBibl$Z2$F230226 $8I 996 $6245$aTomus 5. Pars 1$9(OLS)http://semarc/title/310798 996 $6264$aBononiae :$bEx typographia Laelii a Vulpe, apud Metropolitanam$9(OLS)http://semarc/publisher/58812 LEADER 01518nam a2200313 i 4500 001 000000058531 003 CaOOAMICUS 005 20040316000000.0 008 040316s1996 it u000 u ita u 013 $a29703 040 $aSeMil$bita 245 13$aLa pittura veneta negli stati estensi /$ca cura di Jadranka Bentini, Sergio Marinelli, Angelo Mazza ; scritti di Grazia Agostini ... [et al.]. 250 $aEdizione fuori commercio. 260 $a[S.l.] :$bBanco S. Geminiano e S. Prospero,$ccopyr. 1996. 260 $a[Verona] :$bBanca Popolare di Verona,$ccopyr. 1996. 300 $a479 p. :$briccamente ill. ;$c32 cm. 500 $aIn cofanetto. 650 4$aPittura veneta - Modena.$0(OLS)http://semarc/subject/11792 650 4$aPittura veneta - Ferrara.$0(OLS)http://semarc/subject/11793 700 1 $aBentini, Jadranka,$d<1946- >.$0(OLS)http://semarc/name/387 700 1 $aAgostini, Grazia.$0(OLS)http://semarc/name/29843 700 1 $aMazza, Angelo,$d<1741-1817>.$0(OLS)http://semarc/name/11291 700 1 $aMarinelli, Sergio.$0(OLS)http://semarc/name/29842 850 $aSeMil 852 $aSeMil$W1$xVenegono$y1$m5G XI 51$j24684$B24684$CSeMilBibl$Z2$F24687 $8I 961 $aOmaggio: Mezzanotti mons. Alessandro 996 $6245$aLa pittura veneta negli stati estensi$9(OLS)http://semarc/title/91262 996 $6260$a[Verona] :$bBanca Popolare di Verona$9(OLS)http://semarc/publisher/33006 996 $6260$a[S.l.] :$bBanco S. Geminiano e S. Prospero$9(OLS)http://semarc/publisher/39816